Игра със смъртта (Запис номер 380259)
[ съкратено ]
| 000 -Лидер | |
|---|---|
| Контролно поле с фиксирана дължина | nam a22 a 4500 |
| 003 - Код на организацията, давaща контролен номер | |
| Контролно поле | BLK |
| 005 - Дата и час на последна редакция | |
| Контролно поле | 20200807090537.0 |
| 008 - Елементи от данни с фиксирана дължина | |
| fixed length control field | 200807b bul|||||r ||||||| ||bul|| |
| 040 ## - Източник на каталожния запис | |
| Идентификатор на билиотеката - собственик на записа | BLK |
| 041 ## - Код за език | |
| Код за езика на текст/звукозапис или на отделно заглавие | Български |
| Код за езика КДБФ | Български |
| 080 ## - УДК | |
| Текстов определител УДК | Румънска литература |
| УДК код - определител по УДК | 821.135.1 |
| УДК определител | -31 |
| УДК - код + определител | 821.135.1-31 |
| 100 1# - Редна дума - Автор | |
| Автор | Станку, Захария |
| Авторска отговорност | първи автор |
| R(LIN) | 424939 |
| 139 ## - Редно поле | |
| Редна дума | Станку, Захария |
| 245 10 - Сведения за заглавието | |
| Заглавие | Игра със смъртта |
| Подзаглавни данни | Роман |
| Редно поле (дума) | Захария Станку; прев. от рум. Мара Хинова; |
| 257 ## - Страна на издаване | |
| Страна на създаване/издаване | България |
| 260 ## - Област на издателските данни | |
| Място на издаване, разпространение и проч. | София |
| Име на издателя, разпространителя и проч. | Нар. младеж |
| Година на издаване | 1966 |
| 9 (RLIN) | 210040 |
| 300 ## - Физическа характеристика | |
| Страници | 276 с. |
| Илюстрации и др. | с ил., 1 л. портр. |
| Размери/Мащаб | 18 см |
| 380 ## - Жанр | |
| Жанр | Худож. лит. |
| 490 ## - СЕРИИ (Колекции) | |
| Име на серия | Библиотека Балкански писатели |
| 9 (RLIN) | 207178 |
| 653 ## - Ключова дума – ненормативна | |
| Ключова дума | Retro_1945-1969_07 |
| 700 1# - Други автори (авторска отговорност) | |
| Лично име | Хинова, Мара |
| Автороска отговорност (Описва отношението между автора и произведението) | прев. от рум. |
| 9 (RLIN) | 424940 |
| 852 ## - Местоположение | |
| Форматна сигнатура | Цб І 8850 |
| 856 4# - Електронен адрес и достъп | |
| Електронен формат | pdf - файл |
| Път до файла /url/ | |
| 856 4# - Електронен адрес и достъп | |
| Електронен формат | pdf - файл |
| Път до файла /url/ | |
| 999 ## - СИСТЕМНИ КОНТРОЛНИ НОМЕРА | |
| Koha biblionumber | 380259 |
| Koha biblioitemnumber | 380259 |
| 942 ## - АРТИКУЛИ | |
| Вид на библиотечния материал | Книги |
| Скрит в OPAC | Не |
| Периодичен библиозапис | Да |
| 944 ## - СЪЗДАВАНЕ И РЕДАКЦИЯ на ЗАПИСА | |
| Създаване/Редакция | Създаване |
| Дата на регистрацията/редакция | 2020-08-07 |
| Служител, извършил регистрацията/редакцията | В.Р. |
| Код за отписване | Код за изгубен артикул | Източник на класификационната схема | Код за повреда | Коз за рестрикции | Код за отдаване | Артикулен № | Име на библиотеката - собственик | Име на библиотеката, в която се намира в момента | Статус (Текущо местоположение) | Дата на вписване в системата | Местоположение - отдел | Цена в лева | Инвентарен номер | Систематично азбучна сигнатура | Баркод | Цена в евро | Служебен тип на артикула |
|---|---|---|---|---|---|---|---|---|---|---|---|---|---|---|---|---|---|
| Не е изгубен | Universal Decimal Classification | Не е повреден | само за читалня | ползва се в читалня | 790533 | Регионална библиотека "Любен Каравелов" Русе | Регионална библиотека "Любен Каравелов" Русе | Хранилище | 2020-08-13 | Хранилище | 0.84 | 18055/66 | Цб І 8850 | 900000029471 | 0.43 | Книги |